| 000 | 00464nam a2200157 a 4500 | ||
|---|---|---|---|
| 001 | 3701 | ||
| 003 | CDMR | ||
| 005 | 20130322123049.0 | ||
| 008 | 130130s2004||||||||||||||||||||||||||||d | ||
| 020 | _a8487178200 | ||
| 040 |
_aCDMR _bcat _cCDMR |
||
| 100 | 1 |
_aGomis, Llorenç _9492 |
|
| 245 | 1 | 4 |
_aUna temporada en la tierra _b: 80 años de memoria (1924-2004) _cLorenzo Gomis ; traducción de Jordi Pérez Colomé |
| 260 |
_aBarcelona _c2004 _bEl Ciervo |
||
| 942 |
_cMON _2udc |
||
| 999 |
_c3701 _d3701 |
||